000 00735nam a2200241 i 4500
003 DO-SdBNP
005 20250512123135.0
007 ta
008 250512t200u2010dr a 000 h spa d
040 _aDO-SdBNP
_bspa
_cBNPHU
_erda
082 _axxxx
_bP948
_222
100 1 _aPriego, Harold
_d1955-2013
_eautor
_4aut.
_978061
245 1 3 _aDon Bartolo, Diógenes y Boquechivo /
_cHarold Priego
250 _aSegunda toma
264 _aSanto Domingo :
_bEditora Omnimedia,
_c[201-].
300 _a[188] páginas
_bilustraciones
_c14 cm.
336 _atexto
_btxt
_2rdacontent
337 _asin mediación
_bn
_2rdamedia
338 _avolumen
_bnc
_2rdacarrier
590 _aInventariado, 2025/ YL
910 _aYLockward
942 _2ddc
_cLBS1
999 _c59007
_d59007